ბათუმის შოთა რუსთაველის სახელმწიფო უნივერსიტეტის ბიბლიოთეკა

Мировая экономика и международные отношения.№2. 2014 (ბიბ.ჩანაწერი № 42784)

000 -LEADER
fixed length control field 00637nam a2200193Ia 4500
001 - CONTROL NUMBER
control field 9490
003 - CONTROL NUMBER IDENTIFIER
control field GE_BSU
008 - FIXED-LENGTH DATA ELEMENTS--GENERAL INFORMATION
fixed length control field 181216s||||||||xx |||||||||||||| ||und||
040 ## - CATALOGING SOURCE
Transcribing agency GE_BSU
245 ## - TITLE STATEMENT
Title Мировая экономика и международные отношения.№2. 2014
245 ## - TITLE STATEMENT
Remainder of title Основан в июле 1957г. Выходит 12 раз в год
245 ## - TITLE STATEMENT
Statement of responsibility, etc. Гл.ред.А.В.Рябов
260 ## - PUBLICATION, DISTRIBUTION, ETC.
Place of publication, distribution, etc. Москва
260 ## - PUBLICATION, DISTRIBUTION, ETC.
Name of publisher, distributor, etc. Наука
260 ## - PUBLICATION, DISTRIBUTION, ETC.
Date of publication, distribution, etc. 2014
300 ## - PHYSICAL DESCRIPTION
Extent 128стр.29см.
653 ## - INDEX TERM--UNCONTROLLED
Uncontrolled term Мировая экономика и международные отношения
942 ## - ADDED ENTRY ELEMENTS (KOHA)
Koha item type პერიოდიკა
ეგზემპლარები
Withdrawn status Lost status Damaged status Not for loan Date acquired Barcode Date last seen Price effective from Koha item type
        2018-12-17 Р76176 2018-12-17 2018-12-17 პერიოდიკა